| 000 | 00843nam a2200265 i 4500 | ||
|---|---|---|---|
| 001 | bg | ||
| 100 | 1 |
_aGACEK, Zbigniew _d(1942- ) |
|
| 245 | 1 | 0 |
_aWysokonapięciowa technika izolacyjna / _cZbigniew Gacek. |
| 250 | _aWyd. 2 popr. i uzup. | ||
| 260 |
_aGliwice : _bWydawnictwo Politechniki Śląskiej, _c2006. |
||
| 300 |
_a263, [1] s. : _bil. ; _c25 cm. |
||
| 504 | _aBibliogr. s. 259-263. Indeks. | ||
| 650 | 9 | _aIzolacje elektryczne | |
| 650 | 9 | _aTechnika wysokich napięć | |
| 655 | _aPodręczniki akademickie | ||
| 015 | _aPB 14211/2006 | ||
| 020 | _a8373353232 | ||
| 040 | _cBPK | ||
| 041 | _apol | ||
| 080 | _a621.315.6(075.8) | ||
| 920 | _a83-7335-323-2 | ||
| 942 | _cKS | ||
| 008 | s pl f |000 0 pol | ||
| 999 |
_c52539 _d52539 |
||
| 856 |
_uhttp://koha.tu.koszalin.pl/cgi-bin/koha/opac-detail.pl?biblionumber=52539 _yKatalog online BPK |
||